书目信息 |
| 题名: |
物流服务营销
|
|
| 作者: | 光昕 主编 | |
| 分册: | ||
| 出版信息: | 北京 中国物资出版社 2008 |
|
| 页数: | 317页 | |
| 开本: | 24cm | |
| 丛书名: | ||
| 单 册: | ||
| 中图分类: | F252.2 | |
| 科图分类: | ||
| 主题词: | 物资市场--市场营销学--高等教育--教材 , 物资市场 , 市场营销学 | |
| 电子资源: | ||
| ISBN: | 978-7-5047-2932-3 | |
| 000 | 01006nam0 2200277 45 | |
| 001 | 1034554632 | |
| 005 | 20100319082329.71 | |
| 010 | @a978-7-5047-2932-3@dCNY36.00 | |
| 100 | @a20100311d2008 em y0chiy0110 ea | |
| 101 | 0 | @achi |
| 102 | @aCN@b110000 | |
| 105 | @ay z 000yy | |
| 106 | @ar | |
| 200 | 1 | @a物流服务营销@AWu Liu Fu Wu Ying Xiao@dSales and marketing of logistics service@f光昕主编@FGuang Xin Zhu Bian@zeng |
| 210 | @a北京@c中国物资出版社@d2008 | |
| 215 | @a317页@d24cm | |
| 300 | @a教育部立项推荐 高等职业教育物流管理专业紧缺人才培养指导方案配套教材 核心课 | |
| 330 | @a本书共分为十二章,包括服务营销概述、物流服务营销管理、物流市场分析、物流服务营销信息管理、物流目标市场营销等内容。 | |
| 510 | 1 | @aSales and marketing of logistics service@zeng |
| 606 | 0 | @a物资市场@x市场营销学@x高等教育@j教材 |
| 606 | 0 | @a物资市场 |
| 606 | 0 | @a市场营销学 |
| 690 | @aF252.2@v4 | |
| 701 | 0 | @a光昕@AGuang Xin@4主编 |
| 801 | 0 | @aCN@bTANGWEI@c20100319 |
| 905 | @b0586213-15@dF252.2@e152@f3 | |
| 物流服务营销=Sales and marketing of logistics service/光昕主编.-北京:中国物资出版社,2008 |
| 317页;24cm |
| 教育部立项推荐 高等职业教育物流管理专业紧缺人才培养指导方案配套教材 核心课 |
| ISBN 978-7-5047-2932-3:CNY36.00 |
| 本书共分为十二章,包括服务营销概述、物流服务营销管理、物流市场分析、物流服务营销信息管理、物流目标市场营销等内容。 |
| ● |
| 相关链接 |
|
|
|
|
正题名:物流服务营销
索取号:F252.2/152
 
预约/预借
| 序号 | 登录号 | 条形码 | 馆藏地/架位号 | 状态 | 备注 |
| 1 | 0586213 | 205862137 | 第一样本阅览室/ [索取号:F252.2/152] | 在馆 | |
| 2 | 0586214 | 205862146 | 第一借阅区/ [索取号:F252.2/152] | 在馆 | |
| 3 | 0586215 | 205862155 | 第一借阅区/ [索取号:F252.2/152] | 在馆 |